La herencia del pecado (Record no. 160731)

MARC details
000 -LEADER
campo de control de longitud fija 01052nam a22002175i 4500
001 - NÚMERO DE CONTROL
campo de control 160731
003 - IDENTIFICADOR DE NÚMERO DE CONTROL
campo de control ES-MaACL
005 - FECHA Y HORA DE LA ÚLTIMA TRANSACCIÓN
campo de control 20251003180049.0
008 - DATOS DE LONGITUD FIJA--INFORMACIÓN GENERAL
campo de control de longitud fija 000216s1869 sp |||| | spa d
040 ## - FUENTE DE CATALOGACIÓN
Centro catalogador/agencia de origen CAM
Lengua de catalogación spa
Centro/agencia transcriptor CAM
100 1# - ENTRADA PRINCIPAL--NOMBRE DE PERSONA
Nombre de persona Nogués, José María.
9 (RLIN) 130515
245 13 - MENCIÓN DEL TÍTULO
Título La herencia del pecado
Resto del título : drama en tres actos y en verso /
Mención de responsabilidad, etc. por José María Nogués y Alejandro Benisia.
260 ## - PUBLICACIÓN, DISTRIBUCIÓN, ETC.
Lugar de publicación, distribución, etc. Madrid :
Nombre del editor, distribuidor, etc. [s.n.],
Fecha de publicación, distribución, etc. 1869 (
Fabricante Imprenta de José Rodriguez)
300 ## - DESCRIPCIÓN FÍSICA
Extensión 84 p. ;
Dimensiones 21 cm.
490 1# - MENCIÓN DE SERIE
Mención de serie El Teatro: colección de obras dramáticas y líricas
500 #1 - NOTA GENERAL
Nota general En port.: Estrenado en el Teatro de la Zarzuela, la noche del 15 de enero de 1869, á beneficio de Antonio Zamora.
700 11 - ENTRADA AGREGADA--NOMBRE PERSONAL
Nombre de persona Benisia, Alejandro,
Fechas asociadas al nombre 1830-1886
9 (RLIN) 125912
830 03 - PUNTO DE ACCESO ADICIONAL DE SERIE-TÍTULO UNIFORME
Título uniforme El teatro: colección de obras dramática y líricas
9 (RLIN) 221753
852 ## - LOCALIZACIÓN
Ubicación ES-MaACL
Número de control de estantería F-8557(1)
Nota libre -- Enc. pasta española
condición física -- Falto de la cub. original
Nota libre -- Enc. en un vol. facticio formando parte de la col. facticia "Teatro español moderno", v.9
Holdings
Estatus retirado Estado de pérdida Estado de daño No para préstamo Colección Biblioteca de origen Biblioteca actual Ubicación en estantería Fecha de adquisición Total de préstamos Signatura topográfica completa Código de barras Visto por última vez Precio de reemplazo Tipo de ítem Koha
        Libros del s. XIX Biblioteca del Ateneo de Madrid Biblioteca del Ateneo de Madrid Sala Pecera Planta 2 17/01/2008   F-8557(1) 1168313 23/02/2023 23/02/2023 Libro impreso antiguo